| 000 | 00572 a2200205 4500 | ||
|---|---|---|---|
| 003 | IN-BaIIA | ||
| 005 | 20250401104959.0 | ||
| 008 | 250329b |||||||| |||| 00| 0 eng d | ||
| 040 | _cIIA Library | ||
| 080 |
_a629.76 _bJOH |
||
| 100 |
_aJohnson, Les _936368 |
||
| 245 |
_aA traveler's guide to the stars _cLes Johnson |
||
| 260 |
_bPrinceton University Press _aNew Jersey _c2022 |
||
| 300 | _axx, 219p. | ||
| 500 | _aindex given, ill. | ||
| 650 | _aSpace science | ||
| 650 |
_aInterstellar spaceflight _949223 |
||
| 650 |
_aRocket science _949224 |
||
| 942 |
_2udc _cBK |
||
| 999 |
_c36092 _d36092 |
||